<?xml version="1.0" encoding="UTF-8"?>
<collection xmlns="http://www.loc.gov/MARC21/slim">
 <record>
  <leader>01633nam a2200217Ia 4500</leader>
  <controlfield tag="001">CTU_179174</controlfield>
  <controlfield tag="008">210402s9999    xx            000 0 und d</controlfield>
  <datafield tag="020" ind1=" " ind2=" ">
   <subfield code="c">16</subfield>
  </datafield>
  <datafield tag="082" ind1=" " ind2=" ">
   <subfield code="a">651.9610285</subfield>
  </datafield>
  <datafield tag="082" ind1=" " ind2=" ">
   <subfield code="b">S216</subfield>
  </datafield>
  <datafield tag="100" ind1=" " ind2=" ">
   <subfield code="a">Sanderson, Susan M.</subfield>
  </datafield>
  <datafield tag="245" ind1=" " ind2="0">
   <subfield code="a">Computers in the medical office</subfield>
  </datafield>
  <datafield tag="245" ind1=" " ind2="0">
   <subfield code="c">Susan M. Sanderson</subfield>
  </datafield>
  <datafield tag="260" ind1=" " ind2=" ">
   <subfield code="a">Boston</subfield>
  </datafield>
  <datafield tag="260" ind1=" " ind2=" ">
   <subfield code="b">McGraw-Hill</subfield>
  </datafield>
  <datafield tag="260" ind1=" " ind2=" ">
   <subfield code="c">2009</subfield>
  </datafield>
  <datafield tag="520" ind1=" " ind2=" ">
   <subfield code="a">Computers in the Medical Office 6e is the best-selling text for training students using full-featured and current Medisoft Version 14 Patient Billing software. McGraw-Hill publishes the most titles to train students on Medisoft software. Our publishing relationship with Medisoft has been ongoing for 15 years. Computers in the Medical Office 6e offers medical office training using current, realistic medical office cases while building transferable computerized medical billing and scheduling skills. Students who complete this course will learn the appropriate terminology and skills to use any patient billing software program with minimal additional training. As students progress through Medisoft, they learn to gather patient information, schedule appointments and enter transactions. The practical, systematic approach is based on real-world medical office activities. Go with the best. Go with the tried and true. Go with the Medisoft titles that will give you and your students the training and support you need to be successful.</subfield>
  </datafield>
  <datafield tag="650" ind1=" " ind2=" ">
   <subfield code="a">Medical offices,Văn phòng y khoa,Medisoft</subfield>
  </datafield>
  <datafield tag="650" ind1=" " ind2=" ">
   <subfield code="x">Automation,Tự động hóa</subfield>
  </datafield>
  <datafield tag="904" ind1=" " ind2=" ">
   <subfield code="i">Linh</subfield>
  </datafield>
  <datafield tag="980" ind1=" " ind2=" ">
   <subfield code="a">Trung tâm Học liệu Trường Đại học Cần Thơ</subfield>
  </datafield>
 </record>
</collection>
